| 000 | 01164cam a22003137a 4500 | ||
|---|---|---|---|
| 003 | CHAP | ||
| 005 | 20220329143012.0 | ||
| 008 | 050615d1995 us r 00110 eng d | ||
| 010 | _a90497 | ||
| 011 | _a91469 | ||
| 020 | _a0891185399 | ||
| 035 | _a102028 | ||
| 040 | _cCHAP | ||
| 082 | 0 | 4 |
_a633.2 _bM64 |
| 100 | 0 | 0 |
_aMoore, Kenneth J. _eed. _978080 |
| 245 | 1 | 0 |
_aPost-Harvest physiology and preservation of forage : _bproceedings of a symposium sponsored by c-6 of the Crop Science Society of America. The papers were presented during the annual meetings in Minneapolis, MN, 1-6 Nov. 1992 _c/co-ed. by Kenneth J. Moore |
| 260 |
_aMadison, Wisconsin : _bAmerican Society of Agronomy, _c1995. |
||
| 300 | _a||5 p. | ||
| 590 |
_aBATCH-UPD _b10 _c20130110 _lUCH01 _h0715 |
||
| 590 |
_aBATCH-UPD _b10 _c20130410 _lUCH01 _h0400 |
||
| 590 |
_aBATCH-UPD _b10 _c20130914 _lUCH01 _h1830 |
||
| 590 |
_aCONVERSION _b10 _c20130109 _lUCH01 _h1350 |
||
| 650 | 1 | 4 |
_aPlantas forrajeras. _988943 |
| 650 | 1 | 4 |
_aTecnologĂa postcosecha. _9111963 |
| 901 | _aBK | ||
| 905 | _aLilia | ||
| 942 | _cLIBRO | ||
| 949 |
_a633.2 M64 _bBC _cLIBRO _d33724000949939 _eLIBRO _gI.c/e _h105906 _i102028 _sb |
||
| 999 |
_c90497 _d90497 |
||